[Event "Lindores Abbey Chess Stars"]
[Site "Lindores Abbey"]
[Date "2019.05.26"]
[Round "5.2"]
[White "Carlsen, Magnus"]
[Black "Karjakin, Sergey"]
[Result "1/2-1/2"]
[WhiteElo "2861"]
[BlackElo "2752"]
[Annotator "TA"]
[PlyCount "97"]
[EventDate "2019.05.26"]
[EventType "tourn"]
[EventCountry "SCO"]
[SourceTitle "playchess.com"]
[Source "ChessBase"]
[SourceQuality "1"]

{[%evp 12,97,0,-7,7,0,20,14,11,18,21,12,14,0,42,0,56,52,64,31,29,35,47,0,0,0,0,-7,0,-7,0,-30,0,-91,0,0,0,0,0,0,0,0,0,-27,0,0,0,0,0,-245,-245,-254,-245,-245,-170,-170,-170,-170,-170,-170,-170,-170,-170,-189,-189,-189,-50,-50,-50,-71,-50,-50,-50,-50,-50,-50,-50,-185,-185,-185,-185,-185,-185,-185,-157,-157,-157,-157]} 1. d4 ({Predecessor:} 1. Nf3 d5 2. g3 g6 3. Bg2 Bg7 4. d4 {½-½ (11) Dizdarevic,E (2495)-Palac,M (2495) Montecatini Terme 1994}) 1... Nf6 2. Nf3 d5 3. g3 g6 4. Bg2 Bg7 5. O-O O-O 6. c3 Nbd7 7. Bf4 c5 $146 {D02: 1 d4 d5 2 Nf3 sidelines, including 2...Nf6 3 g3 and 2...Nf6 3 Bf4} (7... c6 8. Qc1 Re8 9. c4 dxc4 10. Qxc4 Nb6 11. Qc1 Bg4 12. Rd1 Qc8 13. Nc3 Nfd5 14. Bh6 Nxc3 15. bxc3 Nc4 {½-½ (34) Malakhov,V (2686)-Vitiugov,N (2722) St Petersburg 2017}) 8. Ne5 Qb6 9. Qb3 cxd4 {The position is equal.} 10. Qxb6 Nxb6 11. cxd4 Ne4 12. Rc1 Nd6 13. Nc3 Be6 (13... Nf5 $11) 14. a4 $14 a5 $1 15. h4 Rfc8 16. b3 Rc7 17. Nb5 ({White should play} 17. Bd2 $14) 17... Rxc1+ $11 18. Rxc1 Nxb5 19. axb5 Rc8 20. Rc5 Kf8 21. e4 a4 22. exd5 (22. Rxc8+ $11 {remains equal.} Bxc8 23. bxa4) 22... Rxc5 ({Better is} 22... Bxe5 $17 23. Bxe5 a3 24. dxe6 f6) 23. dxc5 a3 $1 {[%cal Ra3a2]} 24. dxe6 a2 {[%mdl 64] Zwischenzug} 25. Nd7+ Ke8 $1 (25... Nxd7 $2 26. exd7 a1=Q+ 27. Kh2 $18) 26. Nxb6 ({Wrong is} 26. Be5 $2 Bxe5 27. exf7+ Kxf7 $19) 26... a1=Q+ 27. Kh2 Be5 (27... fxe6 $5 {[%cal Rg7d4]} 28. c6 (28. Bxb7 Bd4 $17) 28... bxc6 29. bxc6 Be5 $15) 28. Be3 ({Reject} 28. Bxb7 Bxf4 29. gxf4 fxe6 $19) 28... fxe6 29. Bxb7 Bd4 $1 {[%cal Rd4e3] Hoping for ...Bxe3.} 30. Nc4 $2 (30. c6 $11 {and White stays safe.} Bxe3 31. c7 Bxf2 32. c8=Q+ {[%mdl 64] Double Attack} Kf7 33. Qc7 Qg1+ 34. Kh3 Bxb6 35. Qf4+ Kg7 36. Be4) 30... Bxe3 $19 31. Nxe3 Qb2 32. Kg2 {c6 is the strong threat.} Qxb3 33. b6 Qb5 34. Bf3 Kd8 35. b7 Kc7 36. c6 Qb4 37. g4 Qd4 38. Nf1 {[#]} h5 $1 39. gxh5 $15 gxh5 (39... Qxh4 $2 40. Ng3 $19) 40. Ng3 e5 {And now ...Qb4 would win.} (40... Qxh4 $2 41. Nxh5 Qd4 42. Ng3 $19) 41. Ne4 Qc4 42. Ng5 Kb8 43. Be4 Qe2 44. Bf5 {[#]} (44. Bf3 $15 Qc4 45. Be4) 44... e4 $1 $19 {[%cal Re4e3] Black is clearly better.} 45. Nxe4 (45. Bxe4 Qg4+) 45... Qc4 {aiming for ...Qd5.} 46. Ng3 Qxc6+ 47. Be4 Qf6 48. Nxh5 Qxh4 {[%mdl 64] Double Attack} 49. Ng3 {Accuracy: White = 60%, Black = 46%.} 1/2-1/2

[Event "Lindores Abbey Chess Stars"]
[Site "Lindores Abbey"]
[Date "2019.05.26"]
[Round "6.1"]
[White "Anand, Viswanathan"]
[Black "Karjakin, Sergey"]
[Result "1/2-1/2"]
[WhiteElo "2774"]
[BlackElo "2752"]
[Annotator "TA"]
[PlyCount "60"]
[EventDate "2019.05.26"]
[EventCountry "SCO"]
[SourceTitle "playchess.com"]
[Source "ChessBase"]
[SourceQuality "1"]

{[%evp 18,60,15,19,22,2,10,5,9,5,16,0,0,0,0,-29,0,-26,-22,-22,-17,-20,-13,-18,0,-7,0,0,0,0,0,0,0,0,0,0,0,0,0,0,0,0,0,0,0]} 1. e4 e5 2. Nf3 Nc6 3. Bb5 Nf6 4. O-O Nxe4 5. Re1 Nd6 6. Nxe5 Be7 7. Bf1 Nxe5 8. Rxe5 O-O 9. d4 Bf6 10. Re1 Re8 {C67: Ruy Lopez: Berlin Defence: 4 0-0 Nxe4} 11. Rxe8+ (11. c3 Rxe1 12. Qxe1 Ne8 13. d5 c6 14. Qd1 b6 15. Bf4 Bb7 16. dxc6 dxc6 17. Nd2 c5 18. Nc4 Qxd1 19. Rxd1 {½-½ (40) Anand,V (2774)-Caruana,F (2819) Karlsruhe/Baden Baden 2019}) 11... Nxe8 12. d5 d6 13. Nd2 Bf5 {[#]} 14. Nf3 $146 ({Predecessor:} 14. Nc4 c6 15. c3 Be4 16. dxc6 bxc6 17. Qa4 c5 18. Bf4 {1-0 (44) Naiditsch,A (2710)-Swiercz,D (2655) Astana 2019}) 14... Be4 15. Bd3 Qe7 16. c4 c6 (16... Bxf3 $5 17. gxf3 g6 $11) 17. dxc6 Bxc6 18. Rb1 {The position is equal.} Nc7 19. Be3 Ne6 20. Nd2 g6 21. Be4 Bd4 (21... Nd4 {keeps more tension.} 22. Bxd4 Bxd4 23. Bxc6 bxc6 24. Nf3 Bb6) 22. Bxc6 bxc6 23. Bxd4 Nxd4 24. Nf3 Nxf3+ 25. Qxf3 $11 {[%mdl 4096] Endgame KQR-KQR} Re8 {[#] ( -> ...Qe1+!)} 26. g3 Qe4 27. Qxe4 Rxe4 28. Rd1 Re2 29. Rxd6 Rxb2 30. Rxc6 Rxa2 {Accuracy: White = 62%, Black = 71%.} 1/2-1/2

[Event "Lindores Abbey Chess Stars"]
[Site "Lindores Abbey"]
[Date "2019.05.26"]
[Round "6.2"]
[White "Ding, Liren"]
[Black "Carlsen, Magnus"]
[Result "1/2-1/2"]
[WhiteElo "2805"]
[BlackElo "2861"]
[Annotator "TA"]
[PlyCount "130"]
[EventDate "2019.05.26"]
[EventCountry "SCO"]
[SourceTitle "playchess.com"]
[Source "ChessBase"]
[SourceQuality "1"]

{[%evp 9,129,30,29,34,31,22,24,22,22,4,21,0,10,11,20,25,32,49,45,28,45,38,59,59,59,60,60,48,71,63,95,92,93,75,79,77,89,89,87,80,88,90,91,41,91,88,89,76,84,83,91,83,92,90,112,109,116,121,144,135,143,143,112,118,152,152,159,159,159,150,187,166,187,0,187,187,180,180,170,160,149,0,0,0,0,0,0,0,0,0,0,0,0,0,0,0,0,0,0,0,0,0,0,0,0,0,0,0,0,0,0,0,0,0,0,0,0,0,0,0,0,0]} 1. d4 d5 2. c4 e6 3. Nf3 a6 4. Bg5 (4. e3 Nf6 5. Nc3 dxc4 6. Bxc4 b5 7. Be2 Bb7 8. O-O Nbd7 9. b3 c5 10. Bb2 Be7 11. Rc1 O-O 12. Qc2 Rc8 13. Qb1 Qb6 14. Rfd1 Rfd8 15. h3 h6 16. dxc5 Nxc5 17. Rxd8+ Rxd8 {0-1 (59) Mamedyarov,S (2817)-Carlsen,M (2835) St Petersburg 2018}) 4... Be7 5. Bxe7 Qxe7 6. Nbd2 {D30: Queen's Gambit Declined: Systems without Nc3} Nf6 7. g3 O-O 8. Bg2 {White has an edge.} b6 9. cxd5 $146 ({Predecessor:} 9. O-O Bb7 10. cxd5 Bxd5 11. Qc2 h6 {1-0 (44) Lysyj,I (2635)-Moroni,L (2564) Skopje 2019}) 9... exd5 10. O-O Bb7 11. Rc1 a5 12. Re1 c5 13. dxc5 bxc5 14. e4 Nxe4 15. Nh4 $1 {Black must now prevent f3.} Qf6 16. Nxe4 dxe4 17. Rxc5 Na6 18. Rxa5 Qxb2 19. Bxe4 Bxe4 20. Rxe4 Rad8 21. Rd5 Rxd5 22. Qxd5 Nb4 23. Qb3 Qxb3 24. axb3 $16 {[%mdl 4096] Endgame KRN-KRN} Rb8 25. Nf3 Kf8 26. Kf1 Nd5 27. Nd2 g6 28. Rd4 Nb4 29. Ke2 Ke7 30. Re4+ Kd7 31. Ke3 Rb5 32. Kd4 Rd5+ 33. Kc3 $1 Rd3+ 34. Kxb4 Rxd2 {[#] KR-KR} 35. Rf4 $1 f5 36. Kc5 {Strongly threatening Rd4+.} Kc7 37. b4 Kb7 38. h4 h5 39. Rf3 Rc2+ 40. Kd5 Re2 41. Kc5 Rc2+ $1 42. Kd4 Re2 43. Kd5 Kb6 44. Rf4 Kb5 {[#]} 45. Kd6 ({White must play} 45. Kd4 $1 $16) 45... Kb6 {The position is equal.} 46. f3 Kb5 47. Kd5 {g4 is the strong threat.} Rg2 $1 48. Ke5 Rxg3 49. Kf6 Ka4 50. Kg7 Kb5 51. Kh6 Ka4 52. Rd4 Kb5 53. Rd6 Kxb4 54. Rxg6 Rxf3 55. Kxh5 Kc5 56. Rf6 {And now Kg5 would win.} Kd5 57. Kg6 Ke5 58. h5 Rg3+ 59. Kf7 f4 60. h6 Rh3 61. Kg7 f3 62. Rf8 Rg3+ 63. Kh8 Ke4 64. h7 Ke3 65. Rxf3+ Kxf3 {Accuracy: White = 84%, Black = 77%.} 1/2-1/2